Možnosti zvyšovania bezpečnosti jazdy automobilou autonómnosťou
Saved in:
| Main Author: | |
|---|---|
| Other Authors: | |
| Format: | Manuscript Book |
| Language: | Slovak |
| Published: |
2015
|
| Subjects: | |
| Online Access: | http://is.stuba.sk/zp/portal_zp.pl?podrobnosti=98746 |
| Tags: |
No Tags, Be the first to tag this record!
|
MARC
| LEADER | 00000ntm a22000003a 4500 | ||
|---|---|---|---|
| 001 | stuzp52419 | ||
| 003 | SK-STU | ||
| 005 | 20160719154150.7 | ||
| 007 | ta | ||
| 008 | 150427s2015----xo-----f-mn---000-0-slo-d | ||
| 040 | |a STU |b slo | ||
| 041 | 0 | |a slo | |
| 100 | 1 | |a Budovec, Matej |u 020030 |4 aut |U SjF Strojnícka fakulta |T SjF Ústav dopravnej techniky a konštruovania |X 54793 |U J0030 |Y 806 |7 54793 | |
| 242 | 0 | 1 | |a Possibilities of increasing driving security in vehicles by their autonomy |y eng |
| 245 | 1 | 0 | |a Možnosti zvyšovania bezpečnosti jazdy automobilou autonómnosťou |
| 260 | |c 2015 | ||
| 650 | 4 | |a asistenčné systémy |2 slo | |
| 650 | 4 | |a senzory |2 slo | |
| 650 | 4 | |a autonómne vozidlo |2 slo | |
| 650 | 4 | |a sensors |2 eng | |
| 650 | 4 | |a autonomous vehicle |2 eng | |
| 650 | 4 | |a driver assistance systems |2 eng | |
| 700 | 1 | |a Danko, Ján |4 ths |X 3691 |7 A000003691 | |
| 856 | 4 | |u http://is.stuba.sk/zp/portal_zp.pl?podrobnosti=98746 | |
| 996 | |b 284J044202 |c J* 2492/BP |l JJSK |s A |a 24 |w stuzp52419_0001 | ||
| SQL | |a stuzp52419 |b DBP |c SLO |d Možnosti zvyšovania bezpečnosti jazdy automobilou autonómnosťou |e 54793 |f Budovec, Matej |g 020030 |h 3691 |i Danko, Ján |j 20150616 |k 43 |l 02 |m http://is.stuba.sk/zp/portal_zp.pl?podrobnosti=98746 |n B-ALSM |o 5.2.4. motorové vozidlá, koľajové vozidlá, lode a lietadlá | ||